Score 0/60 Timer 10:00
0 Plays Today
Population City, Town or Village % Correct
95,538Flint
87%
119,980Ann Arbor
86.4%
272,779Toledo
79.1%
234,048Windsor
78%
133,943Warren
72.3%
132,438Sterling Heights
68.4%
93,932Dearborn
67.8%
93,665Livonia
57.6%
59,438Pontiac
54.8%
20,171Ypsilanti
45.8%
84,092Troy
45.8%
55,353Dearborn Heights
40.7%
28,749Port Huron
39.5%
60,896Novi
38.4%
80,612Farmington Hills
38.4%
59,277Royal Oak
37.9%
19,552Monroe
37.3%
72,689Southfield
36.2%
24,748Sandusky
36.2%
21,599Hamtramck
35%
74,779Sarnia
33.9%
60,922Taylor
33.9%
74,516Rochester Hills
33.9%
58,984St. Clair Shores
32.8%
21,389Birmingham
32.2%
81,511Westland
31.1%
105,666Chatham-Kent
29.9%
29,431Oak Park
28.8%
23,573Romulus
28.2%
32,081Eastpointe
25.4%
Population City, Town or Village % Correct
29,886Madison Heights
25.4%
26,940Allen Park
24.9%
24,284Inkster
24.9%
36,321Lincoln Park
24.9%
20,033Ferndale
24.9%
16,814Wayne
24.3%
18,157Trenton
23.7%
47,018Roseville
23.7%
15,332Grosse Pointe Woods
23.2%
24,859Wyandotte
22.6%
24,564Sandusky
22%
26,408Garden City
21.5%
28,959Southgate
20.9%
24,064Tecumseh
20.3%
20,600Adrian
20.3%
21,441Essex
18.6%
29,523Leamington
16.9%
13,746Harper Woods
16.9%
15,366Berkley
16.9%
20,055Oregon
15.8%
16,347Hazel Park
15.8%
16,163Mount Clemens
15.3%
14,480Fraser
14.1%
28,574Burton
13.6%
19,311Sylvania
13.6%
40,132Lakeshore
13%
23,239Amherstburg
12.4%
21,626Perrysburg
11.3%
32,832LaSalle
10.7%
23,025Kingsville
9.6%
Remove Ads.
Support Sporcle.
Get the best of Sporcle when you Go Orange. This ad-free experience offers more features, more stats, and more fun while also helping to support Sporcle. Thank you for becoming a member.

You're not logged in!

Compare scores with friends on all Sporcle quizzes.
OR
Log In

Show Comments

Extras

Top Quizzes Today


Score Distribution

Your Account Isn't Verified!

In order to create a playlist on Sporcle, you need to verify the email address you used during registration. Go to your Sporcle Settings to finish the process.

Report this User

Report this user for behavior that violates our Community Guidelines.

Details: